Statistics for 鳥取県の市町村 (2000年)

Click here to take the quiz!

General Stats

  • This quiz has been taken 32 times
    (18 since last reset)
  • The average score is 32 of 39

Answers on the Map

Answers color-coded by a green-red scale on the quiz's map according to % correct below.
 

Answer Stats

ヒント市町村名% Correct
鳥取市とっとりし
100%
八頭郡智頭町ちづちょう
100%
倉吉市くらよしし
100%
境港市さかいみなとし
100%
米子市よなごし
100%
日野郡日野町ひのちょう
100%
日野郡日南町にちなんちょう
100%
西伯郡日吉津村ひえづそん
100%
八頭郡若桜町わかさちょう
100%
西伯郡大山町だいせんちょう
100%
西伯郡西伯町さいはくちょう
100%
東伯郡三朝町みささちょう
92%
東伯郡羽合町はわいちょう
92%
気高郡青谷町あおやちょう
92%
西伯郡淀江町よどえちょう
92%
岩美郡岩美町いわみちょう
92%
気高郡気高町けたかちょう
83%
八頭郡八東町はっとうちょう
83%
岩美郡福部村ふくべそん
83%
東伯郡関金町せきがねちょう
83%
東伯郡北条町ほうじょうちょう
83%
東伯郡大栄町だいえいちょう
83%
東伯郡東伯町とうはくちょう
83%
東伯郡赤碕町あかさきちょう
83%
西伯郡中山町なかやまちょう
75%
西伯郡会見町あいみちょう
75%
日野郡江府町こうふちょう
75%
東伯郡泊村とまりそん
75%
東伯郡東郷町とうごうちょう
75%
八頭郡用瀬町もちがせちょう
75%
八頭郡河原町かわはらちょう
75%
八頭郡郡家町こおげちょう
75%
日野郡溝口町みぞくちちょう
75%
気高郡鹿野町しかのちょう
67%
西伯郡名和町なわちょう
67%
西伯郡岸本町きしもとちょう
58%
八頭郡佐治村さじそん
58%
八頭郡船岡町ふなおかちょう
42%
岩美郡国府町こくふちょう
42%

Score Distribution

Percentile by Number Answered

Percent of People with Each Score

Your Score History

You have not taken this quiz since the last reset